00933nam a2200193 a 450000100100000000500170001000800410002702000150006804000250008324501230010826001430023130000210037449000370039550001100043250400330054283000420057595201050061799900170072200003937620201002031624.0130625s1994 sp 000 0 spa d a8400074645 aDO-SdBNPbspacBNPHU00aTextos aljamiados sobre la vida de Mahoma :bProfeta de los Moriscos /cedición y estudio Consuelo López-Morillas. aSalamanca :bConsejo Superior de Investigaciones Científicas (CSIC) :bAgenda Españosla de Cooperación Internacional (AECI,),c1994. a199 p. ;c24 cm.1 aFuentes arábico-hispanas ;c16 aTransliteración en caracteres latinos de textos aljamiados Incluye bibliografía, glosario e índices aBibliografía : p. 193 -199 0aFuentes arábico-hispanasv16965581 001050718MOaGRbGRcCTd2013-06-25iLF1l0o p39376-10r2020-06-25w2020-06-25y1ZNo se presta c38866d38866